| 000 | 00549aac a22001571u 4500 | ||
|---|---|---|---|
| 090 | _c4065 | ||
| 008 | 081111t xxu||||| |||| 00| 0 eng d | ||
| 010 | _a 2007002840 | ||
| 020 | _a9775180082 (hardcover : alk. paper) | ||
| 082 | 0 | 0 |
_a660 _bAME |
| 245 | 1 | 0 |
_aEngineering chemistry / _cMohamed Amer. |
| 260 |
_a[ ? ? ] _bArab Academy for science & tachnology & Maritime Transport,2007 _cc[?]. |
||
| 300 |
_a371p: _bill; _c25cm. |
||
| 856 | 4 | 1 |
_3Table of contents only _uhttp://www.loc.gov/catdir/toc/ecip0710/2007002840.html |
| 942 |
_cBB _k660AME _2ddc |
||
| 999 |
_c4065 _d4065 |
||